00000000nam##2200000za#4500
0019.564289
003CaOODSP
00520210624175246
007cr |||||||||||
008150406|2008||||xxc|||||o    f|0| 0 eng|d
020 |a978-1-100-10255-9
040 |aCaOODSP|beng
043 |an-cn---
0861 |aHS23-1/1-2008E-PDF
1101 |aCanada. |bHuman Resources and Skills Development Canada. |bLabour Program.
24510|aSummary |h[electronic resource]
260 |aOttawa - Ontario : |bHuman Resources and Skills Development Canada. |c2008.
300 |a6p.|billus.
4901 |aInformation on occupational health and safety |vNo. 1
500 |aThe catalogue number (HS23-1/1-2008) and ISBN (978-0-662-05867-0) for the bilingual print edition have been incorrectly copied in this electronic publication.
590 |a12-24-Supp|b2012-05-30
77508|tSommaire |w(CaOODSP)9.596065
7760#|tSummary |w(CaOODSP)9.546176
7760#|tSommaire |w(CaOODSP)9.546177
830#0|aInformation on occupational health and safety ;|vNo. 1|w(CaOODSP)9.504997
85640|ahttp://publications.gc.ca|qPDF|s88 KB|uhttps://publications.gc.ca/collections/collection_2012/rhdcc-hrsdc/HS23-1-1-2008-eng.pdf|yNo. 1
986 |aLT-093-07-08